| 000 | 00527nam a2200181 i 4500 | ||
|---|---|---|---|
| 001 | 83889 | ||
| 003 | ES-MaACL | ||
| 005 | 20251011063116.0 | ||
| 007 | t| | ||
| 008 | 041118s1929 sp |||| | spa d | ||
| 100 | 0 |
_aJaén, Antonio, _d1879-1964 _965898 |
|
| 245 | 1 | 0 |
_aNociones de historia de América / _cAntonio Jaén Morente. |
| 260 |
_aMadrid : _b[s.n.], _c1929 ( _fImp. Clásica) |
||
| 300 |
_a468 p. ; _c22 cm. |
||
| 651 | 4 |
_aAmérica- _xHistoria. _97703 |
|
| 852 |
_aES-MaACL _jB-1520 |
||
| 999 |
_c83889 _d83889 |
||